00645nam a2200193Ia 4500008004100000082001600041100001600057245003800073250000800111260002800119300001100147500002400158650001600182700001900198942000700217952010500224952010500329999001700434230524s9999 xx 000 0 und d a510.15bBHA aRama B.Bhat 0aNumerical Analysis in Engineering a1ST aNEW DELHIbNarosac2004 aIX;320 aQuantity Number: 2 aMathematics a S.Chakrabarty cBK 00104070aTATCLbTATCLcGENd2023-05-24l0o510.15 BHAp6320r2023-05-24w2023-05-24yBKzBSCM1207 00104070aTATCLbTATCLcGENd2023-05-24l0o510.15 BHAp6321r2023-05-24w2023-05-24yBKzBSCM1207 c17893d17893